LIBRARY & INFORMATION CENTRE, KCAET, TAVANUR

ONLINE PUBLIC ACCESS CATALOGUE (OPAC)

Manual on testing and evaluation of agricultural machinery / (Record no. 5475)

MARC details
000 -LEADER
fixed length control field 00474cam a2200169ua 4500
003 - CONTROL NUMBER IDENTIFIER
control field OSt
008 - FIXED-LENGTH DATA ELEMENTS--GENERAL INFORMATION
fixed length control field 230711b |||||||| |||| 00| 0 eng d
041 ## - LANGUAGE CODE
Language code of text/sound track or separate title eng
082 ## - DEWEY DECIMAL CLASSIFICATION NUMBER
Classification number 028.726313
Item number SAR/MA
100 ## - MAIN ENTRY--AUTHOR NAME
Personal name Saraswat , D .
245 ## - TITLE STATEMENT
Title Manual on testing and evaluation of agricultural machinery /
250 ## - EDITION STATEMENT
Edition statement 1 /
260 ## - PUBLICATION, DISTRIBUTION, ETC. (IMPRINT)
Place of publication Bhopal :
Name of publisher Central Institute of Agricultural Engineering ,
Year of publication 1997.
300 ## - PHYSICAL DESCRIPTION
Number of Pages 484 ; .
700 1# - ADDED ENTRY--PERSONAL NAME
Personal name Das, P K .
942 ## - ADDED ENTRY ELEMENTS (KOHA)
Koha item type Books
Holdings
Withdrawn status Lost status Damaged status Home library Current library Date acquired Full call number Accession Number Koha item type
      KAUAET KAUAET 07/04/2012 028.726313 19830 Reference
free website counter